Wireless communication technologies : new multimedia systems (Record no. 97316)

MARC details
000 -LEADER
fixed length control field 01094nam a2200253Ia 4500
008 - FIXED-LENGTH DATA ELEMENTS--GENERAL INFORMATION
fixed length control field 191130s2000##################000#0#eng##
020 ## - INTERNATIONAL STANDARD BOOK NUMBER
ISBN 9780792379003
082 ## - DEWEY DECIMAL CLASSIFICATION NUMBER
Classification number 621.382 MOR
245 ## - TITLE STATEMENT
Title Wireless communication technologies : new multimedia systems
Statement of responsibility, etc edited by Norihiko Morinaga, Ryuji Kohno, Seiichi Sampei
260 ## - PUBLICATION, DISTRIBUTION, ETC. (IMPRINT)
Place of publication Dordrecht ; Boston
Name of publisher Kluwer Academic Publishers
Year of publication 2000
300 ## - PHYSICAL DESCRIPTION
Number of Pages xi, 326 p. : ill. ; 25 cm
500 ## - GENERAL NOTE
General note Based on the 10th International Symposium on Personal, Indoor, and Mobile Radio Communications (PIMRC'99) which was held in Osaka, Japan during the 12-15 of September 1999. Includes bibliographical references and index
650 ## - SUBJECT ADDED ENTRY--TOPICAL TERM
Topical Term Multimedia systems
Topical Term Wireless communication systems
700 ## - ADDED ENTRY--PERSONAL NAME
Personal name Kohno, Ryuji
Personal name Morinaga, Norihiko
Personal name Sampei, Seiichi
710 ## - ADDED ENTRY--CORPORATE NAME
Corporate name or jurisdiction name as entry element IEEE International Symposium on Personal, Indoor, and Mobile Radio Communications (10th : 1999 : Osaka, Japan)
991 ## -
-- 162178
Holdings
Withdrawn status Lost status Damaged status Not for loan Home library Current library Shelving location Date acquired Full call number Accession Number Price effective from Koha item type
        Anna Centenary Library Anna Centenary Library 6TH FLOOR, A WING 09.10.2020 621.382 MOR 211039 09.10.2020 English Books

Find us on the map